Nórska lesná mačka - aristokracia zrodená v lese

Bibliographic Details
Main Author: Laskowska-Malaga, Grazyna (Author)
Format: Article
Language:Slovak
PhysicalDescription:Fotogr.
ISSN:1337-5857
Subjects:

MARC

LEADER 00000nab a2200000 ar4500
001 vtls010076804
003 SK-MaSNL
005 20260303050457.0
008 100318c2010 xo qr|p|||||||000 b|slo
015 |a SNBRB2010/03  |2 snkbucl 
038 |a SNKBUCL 
040 |a SNKBUCL  |b slo  |c SNKBUCL  |e AACR2 
041 |a slo 
044 |a xo  |c SK 
080 |a 636.8  |2 2001 
100 1 |a Laskowska-Malaga, Grazyna  |4 aut  |9 1038693 
245 1 0 |a Nórska lesná mačka - aristokracia zrodená v lese  |c Grazyna Laskowska-Malaga 
300 |b Fotogr. 
650 0 7 |a mačky  |2 snkbucl  |9 2793 
650 0 7 |a nórska lesná mačka  |2 SNKPH  |9 213684 
650 0 7 |a plemená mačiek  |2 SNKPH  |9 213523 
773 0 |t Moja mačka  |g Roč. 4, č. 1 (2010), s. 12-15  |x 1337-5857 
852 |a SNK  |b KIS3GCP 
999 |c 1707621  |d 1709551